00517nam a2200193Ia 4500008004100000041001200041082001200053100004000065245003700105260003700142300000800179365000800187520001400195546001200209630003700221650001400258655001400272730003700286101110s9999 xx 000 0 und d aENGLISH bSR33038 aTodaro, Michael P. Smith, Stephen C aEconomics Develpment 8th edition c2009bPerson education,New Delhi a863 b435 aEconomics aENGLISH aEconomics Develpment 8th edition aEconomics aEconomics aEconomics Develpment 8th edition